Курс высшей математики. Т. 2. (Вып. 1): Элементы высшей алгебры. Дифференциальное и интегральное исчисление (2-я часть) | Приложение анализа к геометрии (Запись № 6893607)

Подробности
000 -МАРКЕР
контрольное поле 01605nam2a22003251 4500
001 - ИДЕНТИФИКАТОР ЗАПИСИ
контрольное поле v19\rc\1968536
005 - ИДЕНТИФИКАТОР ВЕРСИИ
контрольное поле 20251118181047.5
035 ## - ДРУГИЕ СИСТЕМНЫЕ НОМЕРА
Идентификатор записи (NLR Aleph) 005050910
100 ## - ДАННЫЕ ОБЩЕЙ ОБРАБОТКИ
Данные общей обработки 20080428d1916 u y0rusy50 ca
101 0# - ЯЗЫК РЕСУРСА
Язык текста, звукозаписи и т.д. русский
102 ## - СТРАНА ПУБЛИКАЦИИ ИЛИ ПРОИЗВОДСТВА
Страна публикации Российская Федерация
105 ## - ПОЛЕ КОДИРОВАННЫХ ДАННЫХ: ТЕКСТОВЫЕ МАТЕРИАЛЫ, МОНОГРАФИЧЕСКИЕ
Кодированные данные о монографическом текстовом документе a z |||||
200 1# - ЗАГЛАВИЕ И СВЕДЕНИЯ ОБ ОТВЕТСТВЕННОСТИ
Основное заглавие Элементы высшей алгебры. Дифференциальное и интегральное исчисление (2-я часть)
-- Приложение анализа к геометрии
210 ## - ПУБЛИКАЦИЯ, РАСПРОСТРАНЕНИЕ И ДР.
Дата издания, распространения и т.д. 1916
215 ## - ФИЗИЧЕСКАЯ ХАРАКТЕРИСТИКА
Специфическое обозначение материала и объем VI, [2], 224 с.
Другие сведения о физической характеристике черт.
300 ## - ОБЩИЕ ПРИМЕЧАНИЯ
Текст примечания Доп. к опечаткам т. 1 на 3 с. обл.
461 #0 - УРОВЕНЬ НАБОРА
Встроенное поле 001v19\rc\1968534
-- 2001#$aКурс высшей математики$fСост. А.К. Власов, проф. Моск. коммерч. ин-та. Т. 1-2$vТ. 2. (Вып. 1)
-- 700#1$3RU\NLR\AUTH\770236550$aВласов$bА. К.$cматематик$f1868-1922$gАлексей Константинович$4220
Системный номер (АБИС) связанной записи 6893589
Автор Власов, А. К. (математик ; 1868-1922)
Место публикации Москва
Дата публикации 1914-1916
Первые сведения об ответственности Сост. А.К. Власов, проф. Моск. коммерч. ин-та. Т. 1-2
Имя издателя, распространителя и т.д. скл. изд. у бр. Башмаковых
Физическая характеристика 2 т.
Заглавие Курс высшей математики
Номер тома Т. 2. (Вып. 1)
801 #0 - ИСТОЧНИК ЗАПИСИ
Страна Российская Федерация
Организация NLR
Правила каталогизации psbo
801 #0 - ИСТОЧНИК ЗАПИСИ
Страна Российская Федерация
Организация RuMoRGB
Источник данных psbo
801 #1 - ИСТОЧНИК ЗАПИСИ
Страна Российская Федерация
Организация ProSoft-M
Источник данных rusmarc
852 ## - МЕСТОНАХОЖДЕНИЕ И ШИФР ХРАНЕНИЯ
Идентификатор организации NLR
Шифр хранения (Call Number) 37.41.8.68
899 ## - ДАННЫЕ О МЕСТОНАХОЖДЕНИИ (устаревшее)
Местонахождение RuMoRGB
Шифр хранения U 393/28
899 ## - ДАННЫЕ О МЕСТОНАХОЖДЕНИИ (устаревшее)
Местонахождение RuMoRGB
Шифр хранения D 43/21
899 ## - ДАННЫЕ О МЕСТОНАХОЖДЕНИИ (устаревшее)
Местонахождение RuMoRGB
Шифр хранения V 35/30
899 ## - ДАННЫЕ О МЕСТОНАХОЖДЕНИИ (устаревшее)
Местонахождение БАН
899 ## - ДАННЫЕ О МЕСТОНАХОЖДЕНИИ (устаревшее)
Местонахождение НБ МГУ
942 ## - ДОПОЛНИТЕЛЬНЫЕ ЭЛЕМЕНТЫ ЗАПИСИ (АБИС)
Тип экземпляра АБИС Книга
980 ## - КОЛЛЕКЦИЯ
Название коллекции Национальная библиография
Экземпляры
Тип экземпляра Дата поступления Библиотека постоянного хранения Библиотека текущего хранения Место хранения Шифр хранения Штрих-код Статус экземпляра
Книга 26.10.2013 РНБ (Московский) РНБ (Московский) Неопределен, для заказа не доступен, в ЭК виден   5050910-50  
Книга 26.10.2013 РНБ (Московский) РНБ (Московский) Неопределен, для заказа не доступен, в ЭК виден   5050910-60  
Книга 26.10.2013 РНБ (Садовая) РНБ (Садовая) Русский книжный фонд -Главное здание, Ленинский читальный зал 37.41.8.68 5050910-10